<?xml version="1.0" encoding="UTF-8"?>
<marc:record xmlns:marc="http://www.loc.gov/MARC21/slim">
   <marc:leader>00000nam a2200000 a 4500</marc:leader>
   <marc:datafield ind1="1" ind2=" " tag="100">
      <marc:subfield code="a">Herrlicher, Greta</marc:subfield>
      <marc:subfield code="4">aut</marc:subfield>
      <marc:subfield code="e">Verfasser/-in</marc:subfield>
   </marc:datafield>
   <marc:datafield ind1="0" ind2="0" tag="245">
      <marc:subfield code="a">Der Sommer, der uns blieb</marc:subfield>
   </marc:datafield>
   <marc:datafield ind1="0" ind2="0" tag="245">
      <marc:subfield code="c">Greta Herrlicher</marc:subfield>
   </marc:datafield>
   <marc:datafield ind1=" " ind2="1" tag="264">
      <marc:subfield code="a">Waltershausen</marc:subfield>
      <marc:subfield code="b">VANI Verlag</marc:subfield>
      <marc:subfield code="c">2026</marc:subfield>
   </marc:datafield>
   <marc:datafield ind1=" " ind2=" " tag="250">
      <marc:subfield code="a">1. Auflage</marc:subfield>
   </marc:datafield>
   <marc:datafield ind1="1" ind2=" " tag="520">
      <marc:subfield code="a">Drei Freunde, eine alte Schuld – und ein Sommer, der alles verändert.&lt;br/&gt;In einer idyllischen Kleinstadt, umgeben von glitzernden Seen und endlosen Feldern, erleben Britta, Pia und Martin eine Jugend voller Abenteuer und kindlicher Träume. Doch ein verhängnisvoller Sommer reißt die enge Freundschaft der drei auseinander.&lt;br/&gt;Zwei Jahrzehnte später ist die verlorene Zeit zwischen ihnen zu einem fremden Land geworden. Inmitten von Schmerz und Vergebung müssen Britta, Pia und Martin entscheiden, ob ihre Freundschaft stark genug ist, um die Schatten der Vergangenheit zu überwinden. Doch ein gut gehütetes Geheimnis droht die zarten Bande, die sie miteinander verbinden, endgültig zu zerreißen.</marc:subfield>
   </marc:datafield>
   <marc:datafield ind1=" " ind2=" " tag="020">
      <marc:subfield code="a">9783691690002</marc:subfield>
      <marc:subfield code="9">9783691690002</marc:subfield>
   </marc:datafield>
   <marc:datafield ind1=" " ind2=" " tag="041">
      <marc:subfield code="a">ger</marc:subfield>
   </marc:datafield>
   <marc:datafield ind1="1" ind2=" " tag="521">
      <marc:subfield code="a">0</marc:subfield>
   </marc:datafield>
   <marc:datafield ind1=" " ind2=" " tag="300">
      <marc:subfield code="a">320 Seiten</marc:subfield>
   </marc:datafield>
</marc:record>
